الفيروس الليبرالى : الحرب الدائمة، و امركة العالم /
فى هذه الدراسة عن الفيروس الليبرالى لا يكتفى الدكتور سمير أمين بالكشف عن طبيعة التوسع المعولم للرأسمالية المعاصرة باعتباره التحدى الأكبر لكا شعوب الأرض بل يتابع النتائج المترتبة على هذا التوسع ويبحث عن جزورة فى الليبرالية الاوروبية....
Saved in:
| 主要作者: | |
|---|---|
| 格式: | 图书 |
| 语言: | 阿拉伯语 |
| 出版: |
القاهرة :
مركز المحروسة للنشر و الخدمات الصحفية و المعلومات،
2004.
|
| 丛编: | كراسات ؛
18 |
| 主题: | |
| 在线阅读: | http://dar.bibalex.org/webpages/mainpage.jsf?PID=DAF-Job:38231 |
| 标签: |
添加标签
没有标签, 成为第一个标记此记录!
|
MARC
| LEADER | 00000nam a22000007a 4500 | ||
|---|---|---|---|
| 003 | INP | ||
| 005 | 20181118150620.0 | ||
| 008 | 121231s2004 ua rb 000 0 ara d | ||
| 952 | |0 0 |1 0 |4 0 |6 320_510000000000000_س_ف |7 0 |8 arabic_Boo |9 2813 |a INP |b INP |c MAIN |d 2018-03-26 |l 0 |o 320.51 س ف |p 002786 |r 2022-03-28 00:00:00 |w 2018-03-26 |y BK |0 0 | ||
| 999 | |c 1527 |d 1527 | ||
| 020 | |a 9773130975 | ||
| 040 | |a EG-INP |c EG-INP |b ara | ||
| 082 | 0 | 4 | |a 320.51 |b س ف |2 21 |
| 100 | 1 | |a أمين، سمير. | |
| 245 | 1 | 2 | |a الفيروس الليبرالى : |b الحرب الدائمة، و امركة العالم / |c تاليف سمير امين ؛ ترجمة سعد الطويل. |
| 260 | |a القاهرة : |b مركز المحروسة للنشر و الخدمات الصحفية و المعلومات، |c 2004. | ||
| 300 | |a 102 ص. ؛ |c 22 سم. | ||
| 490 | 1 | |a كراسات ؛ |v 18 | |
| 504 | |a يشتمل على ارجاعات ببليوجرافية (ص. 88-89). | ||
| 520 | |a فى هذه الدراسة عن الفيروس الليبرالى لا يكتفى الدكتور سمير أمين بالكشف عن طبيعة التوسع المعولم للرأسمالية المعاصرة باعتباره التحدى الأكبر لكا شعوب الأرض بل يتابع النتائج المترتبة على هذا التوسع ويبحث عن جزورة فى الليبرالية الاوروبية. | ||
| 650 | 7 | |a الليبرالية. |2 qrmak | |
| 650 | 7 | |a العلوم السياسية. |2 qrmak | |
| 650 | 7 | |a الراديكالية |2 qrmak | |
| 856 | |u http://dar.bibalex.org/webpages/mainpage.jsf?PID=DAF-Job:38231 | ||
| 901 | |a EGPV4 | ||
| 902 | |a EGPV5 | ||
| 903 | |a copycat | ||
| 942 | |c BK |2 ddc | ||